[Event "Offene Thüringer Seniorenmeisterschaft"]
[Site "Apolda"]
[Date "2024.02.16"]
[Round "1.26"]
[White "Brettschneider, Karl"]
[Black "Mankus, Siegfried"]
[Result "1-0"]
[WhiteElo "1936"]
[BlackElo "1522"]
[PlyCount "77"]
[EventDate "2024.??.??"]
[WhiteTeam "SC Leinfelden"]
[BlackTeam "Spvg Zabo-Eintracht Nürnberg e.V"]

1. c4 e6 2. Nc3 d5 3. cxd5 exd5 4. d4 Nf6 5. g3 c6 6. Bg2 Bd6 7. Nf3 Bf5 8. O-O
h6 9. Re1 O-O 10. Nd2 Nbd7 11. f3 Bb4 12. e4 dxe4 13. fxe4 Bg4 14. Nf3 Re8 15.
Qc2 Nb6 16. Qd3 Bxf3 17. Bxf3 Nfd5 18. Bd2 Nxc3 19. bxc3 Be7 20. Rad1 Bg5 21.
c4 Bxd2 22. Rxd2 Nd7 23. Rb1 Qc7 24. Qe3 Re7 25. Qf4 Nf8 26. d5 cxd5 27. exd5
Qxf4 28. gxf4 Rb8 29. d6 Re3 30. Rxb7 Rxb7 31. Bxb7 Rc3 32. d7 Nxd7 33. Rxd7
Rxc4 34. Bd5 Rxf4 35. Rxa7 g5 36. a4 Kg7 37. Rxf7+ Rxf7 38. Bxf7 Kxf7 39. a5
1-0

[Event "Offene Thüringer Seniorenmeisterschaft"]
[Site "Apolda"]
[Date "2024.02.17"]
[Round "2.1"]
[White "Brüggemann, Joachim"]
[Black "Sauer, Marko"]
[Result "1-0"]
[WhiteElo "2277"]
[BlackElo "2044"]
[PlyCount "147"]
[EventDate "2024.??.??"]
[WhiteTeam "Erfurter SK"]
[BlackTeam "SG Arnstadt-Stadtilm"]

1. e4 c5 2. Nf3 e6 3. d3 Qc7 4. g3 d6 5. Bg2 Nd7 6. O-O Be7 7. Re1 h6 8. c3
Ngf6 9. d4 O-O 10. Na3 Re8 11. e5 dxe5 12. dxe5 Nd5 13. Qe2 a6 14. c4 Nb4 15.
Bf4 Nf8 16. h4 Bd7 17. h5 Red8 18. Nc2 Nxc2 19. Qxc2 Bc6 20. b3 Rd7 21. Rad1
Rad8 22. Rxd7 Qxd7 23. Nd2 Bxg2 24. Kxg2 Qd3 25. Qxd3 Rxd3 26. Ne4 b6 27. f3
Nd7 28. Nf2 Rc3 29. Re2 b5 30. Rd2 Nb6 31. Rb2 Bg5 32. Bxg5 hxg5 33. Ne4 Rc1
34. Nxg5 Rd1 35. Ne4 Nd7 36. cxb5 axb5 37. f4 b4 38. Rd2 Rxd2+ 39. Nxd2 f6 40.
exf6 Nxf6 41. Kf3 Kf7 42. Ne4 Nxh5 43. Nxc5 Nf6 44. g4 Nd5 45. Ke4 Nf6+ 46. Kd4
Nxg4 47. Nd3 Kf6 48. Nxb4 e5+ 49. fxe5+ Nxe5 50. a4 Ke6 51. Kc5 g5 52. a5 g4
53. a6 g3 54. Nd5 Nd7+ 55. Kb5 Kd6 56. a7 g2 57. a8=Q g1=Q 58. Qc6+ Ke5 59.
Qxd7 Qf1+ 60. Kb6 Qf2+ 61. Kb7 Qc5 62. b4 Qc4 63. b5 Qa4 64. Qc6 Qg4 65. b6 Qg8
66. Nc7 Qh7 67. Qd5+ Kf4 68. Kc8 Qh8+ 69. Qd8 Qh3+ 70. Qd7 Qh8+ 71. Ne8 Ke4 72.
b7 Qc3+ 73. Nc7 Qh8+ 74. Qe8+ 1-0

[Event "Offene Thüringer Seniorenmeisterschaft"]
[Site "Apolda"]
[Date "2024.02.17"]
[Round "2.2"]
[White "Schrems, Hermann"]
[Black "Prüfer, Friedbert"]
[Result "0-1"]
[WhiteElo "2040"]
[BlackElo "2209"]
[PlyCount "72"]
[EventDate "2024.??.??"]
[WhiteTeam "SC Emmendingen 1937 e.V."]
[BlackTeam "TSG 1861 Taucha"]

1. d4 Nf6 2. Nf3 g6 3. g3 Bg7 4. Bg2 O-O 5. O-O d5 6. c4 c6 7. Nbd2 a5 8. cxd5
cxd5 9. Ne5 Qb6 10. Nb3 Ne4 11. e3 Nd7 12. Nd3 a4 13. Nd2 Ndf6 14. Nf4 e6 15.
Nxe4 Nxe4 16. f3 Nd6 17. Rf2 Bd7 18. Qe1 Rfc8 19. Bd2 Nc4 20. Bc3 Rc6 21. Bh3
a3 22. bxa3 Qc7 23. Re2 Nxa3 24. Rc1 Nb5 25. Bb2 Rxa2 26. Rxc6 Qxc6 27. Qb1 Ra4
28. Bf1 Nd6 29. Nd3 Nc4 30. Bc1 b6 31. Ra2 Rxa2 32. Qxa2 Qa4 33. Qe2 Qa1 34.
Kf2 Bf8 35. Bd2 Bb5 36. Ne1 Na3 0-1

[Event "Offene Thüringer Seniorenmeisterschaft"]
[Site "Apolda"]
[Date "2024.02.17"]
[Round "2.3"]
[White "Heller, Achim"]
[Black "Zipfel, Frank"]
[Result "0-1"]
[WhiteElo "2037"]
[BlackElo "2146"]
[PlyCount "88"]
[EventDate "2024.??.??"]
[WhiteTeam "SG Ennepe-Ruhr-Süd e.V."]
[BlackTeam "fuß brothers Jena"]

1. d4 Nf6 2. Nf3 d6 3. c4 g6 4. e3 Bg7 5. Be2 O-O 6. Nc3 Nbd7 7. O-O e5 8. Qc2
Re8 9. b4 e4 10. Nd2 Qe7 11. a4 h5 12. a5 a6 13. Bb2 h4 14. h3 Nf8 15. Rfc1
N8h7 16. Nd5 Nxd5 17. cxd5 Nf6 18. Qxc7 Qxc7 19. Rxc7 Nxd5 20. Rcc1 Bd7 21. Ba3
Bf8 22. Bc4 Bc6 23. Rab1 Nf6 24. b5 axb5 25. Bxb5 Rxa5 26. Bxc6 bxc6 27. Nc4
Ra4 28. Rb6 Rea8 29. Bb2 R4a6 30. Rb7 Nd5 31. Nd2 f5 32. Kh2 Be7 33. g3 hxg3+
34. Kxg3 Kf7 35. Nc4 Ke6 36. f3 exf3 37. Kxf3 Rh8 38. Kg2 Rh5 39. Re1 Nf6 40.
d5+ cxd5 41. Nb6 Ne4 42. Rc1 Nc5 43. Rb8 Ra2 44. Rc2 Nd3 0-1

[Event "Offene Thüringer Seniorenmeisterschaft"]
[Site "Apolda"]
[Date "2024.02.17"]
[Round "2.4"]
[White "Belke, Frank"]
[Black "Witte, Ronald"]
[Result "1-0"]
[WhiteElo "2144"]
[BlackElo "1994"]
[PlyCount "59"]
[EventDate "2024.??.??"]
[WhiteTeam "SK Hitzing-Wien"]
[BlackTeam "BSV 63 Chemie Weißensee"]

1. d4 d5 2. c4 e6 3. Nc3 Be7 4. Nf3 Nf6 5. Bg5 h6 6. Bh4 O-O 7. e3 c5 8. cxd5
exd5 9. dxc5 Qa5 10. Be2 Qxc5 11. O-O Nc6 12. Rc1 Qa5 13. Qb3 Qb4 14. Qxb4 Nxb4
15. Rfd1 Be6 16. Nd4 Nc6 17. Nxe6 fxe6 18. Na4 g5 19. Bg3 Ne4 20. f3 Nxg3 21.
hxg3 Rac8 22. f4 Nb4 23. Bg4 Kf7 24. a3 Rxc1 25. Rxc1 Nc6 26. b4 Kf6 27. Nc5
Bxc5 28. Rxc5 Rc8 29. Rxd5 Nxb4 30. axb4 1-0

[Event "Offene Thüringer Seniorenmeisterschaft"]
[Site "Apolda"]
[Date "2024.02.17"]
[Round "2.5"]
[White "Krüger, Erich"]
[Black "Sielicki, Tomasz"]
[Result "1-0"]
[WhiteElo "2137"]
[BlackElo "1975"]
[PlyCount "95"]
[EventDate "2024.??.??"]
[WhiteTeam "SF Essen-Katernberg 04/32 e.V."]
[BlackTeam "Trojan Horse Warsaw"]

1. d4 d5 2. c4 e6 3. Nc3 c5 4. cxd5 exd5 5. Nf3 Nc6 6. g3 Nf6 7. Bg2 cxd4 8.
Nxd4 Bc5 9. Nxc6 bxc6 10. O-O O-O 11. Na4 Bb6 12. Qc2 Ba6 13. Nxb6 Qxb6 14. Be3
d4 15. Bf4 Rac8 16. Bd6 Rfe8 17. Bc5 Qb5 18. Bf3 Rxe2 19. Bxe2 Qxe2 20. Qxe2
Bxe2 21. Rfe1 d3 22. Bxa7 c5 23. a4 Rc7 24. Bb6 Rc6 25. Ba5 Ra6 26. Bd2 Ne4 27.
Be3 f5 28. Kg2 c4 29. f3 Nf6 30. a5 Nd5 31. Bd2 f4 32. gxf4 Kf7 33. Kf2 Ke6 34.
Ra4 Rc6 35. a6 Nc7 36. a7 Na8 37. Rb4 Rb6 38. Rxc4 Rxb2 39. Rc8 Rxd2 40. Rxa8
Kd7 41. Rd8+ Kxd8 42. a8=Q+ Ke7 43. Qe4+ Kf7 44. Qc4+ Ke8 45. Qe6+ Kf8 46. Ra1
Bd1+ 47. Kg3 g6 48. Ra7 1-0

[Event "Offene Thüringer Seniorenmeisterschaft"]
[Site "Apolda"]
[Date "2024.02.17"]
[Round "2.6"]
[White "Heck, Norbert"]
[Black "Brandes, Stephan"]
[Result "1/2-1/2"]
[WhiteElo "2019"]
[BlackElo "2128"]
[PlyCount "21"]
[EventDate "2024.??.??"]
[WhiteTeam "SF Neuberg"]
[BlackTeam "Hildesheimer SV"]

1. d4 Nf6 2. Nf3 d6 3. c4 Nbd7 4. Nc3 e5 5. e4 Be7 6. Be2 c6 7. O-O Qc7 8. Qc2
h6 9. h3 g5 10. dxe5 dxe5 11. Be3 1/2-1/2

[Event "Offene Thüringer Seniorenmeisterschaft"]
[Site "Apolda"]
[Date "2024.02.17"]
[Round "2.7"]
[White "Cap, Piotr"]
[Black "Brettschneider, Karl"]
[Result "1-0"]
[WhiteElo "2105"]
[BlackElo "1936"]
[PlyCount "101"]
[EventDate "2024.??.??"]
[WhiteTeam "RPW Okucia Budowlane Lodz"]
[BlackTeam "SC Leinfelden"]

1. d4 f5 2. Nf3 Nf6 3. g3 e6 4. Bg2 d5 5. c4 c6 6. O-O Be7 7. Nc3 O-O 8. b3 Ne4
9. Qc2 Nd7 10. Bb2 Ndf6 11. Ne5 Nxc3 12. Bxc3 Ne4 13. e3 Bd6 14. f3 Nxc3 15.
Qxc3 Bxe5 16. dxe5 Qe7 17. b4 Bd7 18. Rfc1 Rfc8 19. Bf1 c5 20. b5 Be8 21. Rd1
Bf7 22. Rac1 b6 23. Qc2 g6 24. a4 Rd8 25. a5 Qc7 26. f4 Rd7 27. axb6 axb6 28.
Ra1 Rdd8 29. Bg2 Qb7 30. h4 h5 31. Qb3 Kf8 32. Qb2 Ke7 33. cxd5 exd5 34. e6
Bxe6 35. Ra6 Kf7 36. Rda1 Rxa6 37. bxa6 Qc7 38. a7 Ra8 39. Ra6 Rxa7 40. Rxb6
Qd7 41. Qh8 Rc7 42. Bf3 c4 43. Kh2 c3 44. Bxd5 Qxd5 45. Qh7+ Kf8 46. Qxc7 Qd2+
47. Kh3 Bd7 48. Qd8+ Be8 49. Rf6+ Kg7 50. Qe7+ Kh6 51. Qxe8 1-0

[Event "Offene Thüringer Seniorenmeisterschaft"]
[Site "Apolda"]
[Date "2024.02.17"]
[Round "2.8"]
[White "Waltenberger, Udo"]
[Black "Von Otte, Wilhelm"]
[Result "1/2-1/2"]
[WhiteElo "1987"]
[BlackElo "2103"]
[PlyCount "28"]
[EventDate "2024.??.??"]
[WhiteTeam "SV Eiche Reichenbrand"]
[BlackTeam "TSG Ruhla"]

1. Nf3 d5 2. g3 c6 3. Bg2 Nd7 4. d4 g6 5. b3 Bg7 6. Bb2 Ngf6 7. Nbd2 O-O 8. O-O
h6 9. c4 a5 10. cxd5 cxd5 11. a4 Ne4 12. Nxe4 dxe4 13. Nd2 f5 14. Nc4 Nb6
1/2-1/2

[Event "Offene Thüringer Seniorenmeisterschaft"]
[Site "Apolda"]
[Date "2024.02.17"]
[Round "2.9"]
[White "Feld-Gerdes, Wolfgang"]
[Black "Czyz, Andrzej"]
[Result "1-0"]
[WhiteElo "2097"]
[BlackElo "1803"]
[PlyCount "77"]
[EventDate "2024.??.??"]
[WhiteTeam "SC Suhl"]
[BlackTeam "Hetman Wschoda"]

1. e4 e5 2. Nc3 Nf6 3. f4 d6 4. Nf3 Bg4 5. h3 Bxf3 6. Qxf3 Nbd7 7. Bc4 Be7 8.
d3 c6 9. Bb3 Qc7 10. Be3 Rf8 11. g4 exf4 12. Bxf4 Ne5 13. Qf2 Ng6 14. Bg3 h5
15. g5 h4 16. Bxh4 Nxh4 17. Qxh4 Nd7 18. O-O-O O-O-O 19. Qg4 Kb8 20. d4 f6 21.
g6 b5 22. h4 a5 23. a4 b4 24. Ne2 c5 25. dxc5 Nxc5 26. Kb1 Rh8 27. Qf5 Rh6 28.
h5 Bf8 29. Nd4 Re8 30. Ne6 Qc6 31. Rhe1 Rh8 32. Rd4 Nxe6 33. Bxe6 Rxe6 34. Qxe6
Rxh5 35. Rc4 Rc5 36. Rxc5 Qxc5 37. Qg8 Qc8 38. Rh1 b3 39. cxb3 1-0

[Event "Offene Thüringer Seniorenmeisterschaft"]
[Site "Apolda"]
[Date "2024.02.17"]
[Round "2.10"]
[White "Richter, Rainer"]
[Black "Berghof, Axel"]
[Result "1/2-1/2"]
[WhiteElo "1945"]
[BlackElo "2078"]
[PlyCount "69"]
[EventDate "2024.??.??"]
[WhiteTeam "SK Germania Kupferdreh 1924 e.V."]
[BlackTeam "SC Suhl"]

1. d4 d5 2. Nf3 c6 3. c3 g6 4. Bf4 Bg7 5. Nbd2 Nf6 6. h3 O-O 7. e3 Bf5 8. g4
Bc8 9. Bg2 Nbd7 10. O-O h5 11. Ne5 hxg4 12. Nxg4 Nh5 13. Nf3 Nxf4 14. exf4 Nf6
15. Nfe5 Nh5 16. Qf3 Bf5 17. Ne3 Qc8 18. Rfe1 Re8 19. N3g4 f6 20. Nd3 Bxd3 21.
Qxd3 Nxf4 22. Qf3 Qf5 23. Re3 e5 24. Rae1 Re7 25. dxe5 fxe5 26. Rxe5 Rxe5 27.
Rxe5 Qb1+ 28. Kh2 Bxe5 29. Nxe5 Rf8 30. Nd7 Rf7 31. Ne5 Rf5 32. Ng4 Rf8 33. Qe3
Nxg2 34. Qe6+ Kg7 35. Qe5+ 1/2-1/2

[Event "Offene Thüringer Seniorenmeisterschaft"]
[Site "Apolda"]
[Date "2024.02.17"]
[Round "2.11"]
[White "Wünsch, Ulrich"]
[Black "Schott, Guido"]
[Result "1-0"]
[WhiteElo "1936"]
[BlackElo "2047"]
[PlyCount "85"]
[EventDate "2024.??.??"]
[WhiteTeam "USG Chemnitz"]
[BlackTeam "SV Hennef 1927 e.V."]

1. d4 f5 2. Nc3 Nf6 3. Bg5 d5 4. e3 e6 5. Nf3 Be7 6. Be2 O-O 7. O-O Nbd7 8. Nb1
h6 9. Bxf6 Bxf6 10. c4 c6 11. Nc3 g5 12. Rc1 g4 13. Nd2 Bg5 14. Re1 Nf6 15. g3
Bd7 16. b4 Qe7 17. a3 h5 18. Bf1 Rf7 19. Bg2 h4 20. Ne2 hxg3 21. hxg3 Rh7 22.
Nf4 Qg7 23. Nb3 Re8 24. Nc5 Bc8 25. Ncd3 Ne4 26. a4 Bf6 27. b5 Ng5 28. Kf1 Rh2
29. Ke2 Nf3 30. Rh1 Rxg2 31. Nxg2 e5 32. dxe5 Bxe5 33. Nxe5 Qxe5 34. Kf1 Be6
35. Nf4 Bf7 36. cxd5 cxd5 37. Qd3 d4 38. exd4 Nxd4 39. Qc3 Qe4 40. Rh2 Bd5 41.
Rd1 Nf3 42. Qh8+ Kf7 43. Rh7# 1-0

[Event "Offene Thüringer Seniorenmeisterschaft"]
[Site "Apolda"]
[Date "2024.02.17"]
[Round "2.12"]
[White "Pfitzer, Norbert"]
[Black "Reimers, Christine"]
[Result "1-0"]
[WhiteElo "2044"]
[BlackElo "1605"]
[PlyCount "45"]
[EventDate "2024.??.??"]
[WhiteTeam "SV Backnang"]
[BlackTeam "Itzehoer SV von 1923"]

1. d4 Nf6 2. c4 g6 3. Nc3 Bg7 4. e4 d6 5. h3 c5 6. d5 O-O 7. Be3 Qa5 8. Qd2
Nfd7 9. Nge2 Na6 10. Bh6 Ne5 11. Bxg7 Kxg7 12. Ng3 h5 13. f4 h4 14. Nh5+ gxh5
15. fxe5 Rh8 16. exd6 exd6 17. Qg5+ Kf8 18. Qf6 Rg8 19. Qxd6+ Kg7 20. Qe5+ Kh6
21. Qf4+ Rg5 22. g3 Kg6 23. gxh4 1-0

[Event "Offene Thüringer Seniorenmeisterschaft"]
[Site "Apolda"]
[Date "2024.02.17"]
[Round "2.13"]
[White "Brömel, Richard"]
[Black "Welke, Klaus"]
[Result "1/2-1/2"]
[WhiteElo "2148"]
[BlackElo "2140"]
[PlyCount "32"]
[EventDate "2024.??.??"]
[WhiteTeam "SV Schott Jena"]
[BlackTeam "SF Nordost Berlin"]

1. d4 Nf6 2. Nf3 d5 3. Bf4 Bf5 4. e3 e6 5. c3 Bd6 6. Bg3 O-O 7. Nbd2 c5 8. Be2
Nc6 9. Bxd6 Qxd6 10. dxc5 Qxc5 11. Nd4 Nxd4 12. exd4 Qb6 13. Qb3 Qxb3 14. axb3
a5 15. Bb5 b6 16. O-O Rab8 1/2-1/2

[Event "Offene Thüringer Seniorenmeisterschaft"]
[Site "Apolda"]
[Date "2024.02.17"]
[Round "2.14"]
[White "Lehmann, Joachim"]
[Black "Paus, Franz"]
[Result "1/2-1/2"]
[WhiteElo "1886"]
[BlackElo "1958"]
[PlyCount "61"]
[EventDate "2024.??.??"]
[WhiteTeam "Ilmenauer SV"]
[BlackTeam "Schachfüchse Kempen 1986 e.V."]

1. d4 Nf6 2. Nc3 d5 3. Bf4 c6 4. Qd2 Bf5 5. f3 e6 6. g4 Bg6 7. h4 h5 8. g5 Ng8
9. e3 Bd6 10. Nh3 Ne7 11. Bxd6 Qxd6 12. Nf4 e5 13. Nxg6 Nxg6 14. Qh2 Qb4 15.
O-O-O Nd7 16. Bd3 Qe7 17. Bxg6 fxg6 18. e4 O-O 19. Rhe1 Rxf3 20. exd5 Raf8 21.
dxc6 Rf2 22. Qh1 bxc6 23. dxe5 Nxe5 24. Re4 Qc5 25. Qh3 Ng4 26. Qg3 R2f3 27.
Qd6 Rxc3 28. bxc3 Qxc3 29. Qb4 Qa1+ 30. Qb1 Qc3 31. Qb3+ 1/2-1/2

[Event "Offene Thüringer Seniorenmeisterschaft"]
[Site "Apolda"]
[Date "2024.02.17"]
[Round "2.15"]
[White "Haubt, Georg"]
[Black "Gast, Rainer"]
[Result "0-1"]
[WhiteElo "2051"]
[BlackElo "1929"]
[PlyCount "108"]
[EventDate "2024.??.??"]
[WhiteTeam "SV Oberursel"]
[BlackTeam "SV Breitenworbis"]

1. d4 Nf6 2. Bf4 d6 3. Nc3 Nbd7 4. Nf3 c6 5. e4 Qa5 6. Qd2 e5 7. Bg3 Be7 8. Rb1
O-O 9. b4 Qc7 10. Be2 Re8 11. dxe5 dxe5 12. O-O Nh5 13. Bh4 Nf4 14. Bxe7 Nxe2+
15. Nxe2 Rxe7 16. Rfd1 Re8 17. Ng3 Nf8 18. Nh5 f6 19. h3 Qf7 20. g4 Qxa2 21.
Rb3 Be6 22. Rd3 Qc4 23. Re1 Bf7 24. Ng3 Be6 25. g5 Bxh3 26. gxf6 gxf6 27. Qh6
Bg4 28. Qxf6 Qf7 29. Qg5+ Qg7 30. Nf5 Bxf5 31. exf5 Qxg5+ 32. Nxg5 Kg7 33. Ne4
Red8 34. Rde3 a5 35. Nc5 b6 36. Nd3 Nd7 37. bxa5 Rxa5 38. Nb4 Nb8 39. Rxe5 Rxe5
40. Rxe5 Kf6 41. Nxc6 Rd6 42. Nxb8 Kxe5 43. Na6 Rc6 44. Nb4 Rc4 45. Nd3+ Kxf5
46. Ne1 h5 47. Ng2 Rc3 48. Ne1 Ra3 49. Kg2 Ke4 50. Kh2 Ra1 51. Nd3 Rd1 52. Nb2
Rd2 53. Nc4 Rxf2+ 54. Kg3 Rf6 0-1

[Event "Offene Thüringer Seniorenmeisterschaft"]
[Site "Apolda"]
[Date "2024.02.17"]
[Round "2.16"]
[White "Pichl, Michael"]
[Black "Einax, Claus-Dieter"]
[Result "0-1"]
[WhiteElo "1796"]
[BlackElo "2056"]
[PlyCount "54"]
[EventDate "2024.??.??"]
[WhiteTeam "SV Empor Erfurt"]
[BlackTeam "TSG Apolda"]

1. g3 Nf6 2. Bg2 g6 3. Nf3 Bg7 4. O-O O-O 5. c4 c6 6. d3 d5 7. Nbd2 Nbd7 8. Qc2
Re8 9. b3 e5 10. e4 b6 11. Bb2 Bb7 12. cxd5 cxd5 13. exd5 Rc8 14. Qb1 Nxd5 15.
Nc4 Re6 16. Re1 b5 17. Ne3 Nc3 18. Bxc3 Rxc3 19. Ng5 Rb6 20. Bxb7 Rxb7 21. Ne4
Rc6 22. d4 exd4 23. Nd5 Ne5 24. Nb4 Nf3+ 25. Kf1 Re6 26. Qd3 Nxe1 27. Rxe1 f5
0-1

[Event "Offene Thüringer Seniorenmeisterschaft"]
[Site "Apolda"]
[Date "2024.02.17"]
[Round "2.17"]
[White "Stern, Geoffrey"]
[Black "Dötzel, Hartwig"]
[Result "0-1"]
[WhiteElo "1967"]
[BlackElo "1794"]
[PlyCount "104"]
[EventDate "2024.??.??"]
[WhiteTeam "Gambit Bonnevoie"]
[BlackTeam "USV TU Dresden"]

1. d4 d5 2. Nc3 Bf5 3. f3 Bg6 4. Bf4 c6 5. e4 e6 6. exd5 exd5 7. Bd3 Bxd3 8.
Qxd3 Bd6 9. Nge2 Bxf4 10. Nxf4 Nf6 11. O-O-O O-O 12. g4 Qd6 13. Nce2 Na6 14.
Kb1 Nc7 15. g5 Nd7 16. h4 g6 17. h5 Ne6 18. Nxe6 Qxe6 19. f4 Rae8 20. Rh2 Qe3
21. b3 Qxd3 22. Rxd3 Re7 23. Ng3 Rfe8 24. f5 Re3 25. Rhd2 R8e7 26. Kb2 Nb6 27.
Kc3 Nc8 28. Rxe3 Rxe3+ 29. Rd3 Rxd3+ 30. Kxd3 Nd6 31. f6 h6 32. gxh6 Kh7 33. c4
Kxh6 34. cxd5 cxd5 35. hxg6 Kxg6 36. Ne2 Kf5 37. Ke3 Ne8 38. Ng3+ Kxf6 39. Kf4
Ng7 40. a4 Ne6+ 41. Ke3 Kg5 42. Ne2 Kg4 43. Nc3 Nc7 44. a5 f5 45. b4 f4+ 46.
Kf2 f3 47. b5 b6 48. axb6 axb6 49. Na4 Nxb5 50. Nxb6 Nc3 51. Nd7 Ne4+ 52. Kf1
Kg3 0-1

[Event "Offene Thüringer Seniorenmeisterschaft"]
[Site "Apolda"]
[Date "2024.02.17"]
[Round "2.18"]
[White "Richter, Jürgen"]
[Black "Kahn, Peter"]
[Result "1/2-1/2"]
[WhiteElo "1748"]
[BlackElo "1935"]
[PlyCount "63"]
[EventDate "2024.??.??"]
[WhiteTeam "SK Germania Kupferdreh 1924 e.V."]
[BlackTeam "Siebenlehner SV"]

1. Nf3 Nf6 2. c4 c6 3. e3 d5 4. d4 e6 5. Nc3 Nbd7 6. Qc2 Be7 7. Bd3 dxc4 8.
Bxc4 b5 9. Bb3 Bb7 10. a3 a6 11. Ba2 c5 12. dxc5 Nxc5 13. O-O Rc8 14. Nd4 Nce4
15. f3 Nxc3 16. bxc3 Qb6 17. Bd2 Bc5 18. Qd3 O-O 19. Nc2 Rfd8 20. Qe2 Nd5 21.
Kh1 Be7 22. c4 bxc4 23. Bxc4 Qc6 24. Bb3 Bf6 25. Nd4 Bxd4 26. exd4 Qd6 27. Bxd5
Qxd5 28. Be3 Rc4 29. Rfc1 Rdc8 30. Rxc4 Qxc4 31. Qxc4 Rxc4 32. Rc1 1/2-1/2

[Event "Offene Thüringer Seniorenmeisterschaft"]
[Site "Apolda"]
[Date "2024.02.17"]
[Round "2.19"]
[White "Flis, Pawel"]
[Black "Geike, Eberhard"]
[Result "1-0"]
[WhiteElo "1932"]
[BlackElo "1743"]
[PlyCount "51"]
[EventDate "2024.??.??"]
[WhiteTeam "RPW Okucia Budowlane Lodz"]
[BlackTeam "Telestar Berlin"]

1. e4 e5 2. Nf3 Nc6 3. Bc4 Be7 4. d4 exd4 5. c3 d6 6. Qb3 Na5 7. Bxf7+ Kf8 8.
Qa4 Kxf7 9. Qxa5 dxc3 10. Nxc3 c6 11. Qa4 b5 12. Qc2 Bf6 13. Bf4 g5 14. Be3 g4
15. Nd4 Ne7 16. Rd1 Kg7 17. Bf4 b4 18. Nce2 Qa5 19. Nb3 Qb5 20. Bxd6 Ba6 21.
Nc5 Qc4 22. Qxc4 Bxc4 23. b3 Bxe2 24. Kxe2 a5 25. e5 Bg5 26. Ne6+ 1-0

[Event "Offene Thüringer Seniorenmeisterschaft"]
[Site "Apolda"]
[Date "2024.02.17"]
[Round "2.20"]
[White "Rost, Detlef"]
[Black "Schmid, Walter"]
[Result "1-0"]
[WhiteElo "1894"]
[BlackElo "1730"]
[PlyCount "109"]
[EventDate "2024.??.??"]
[WhiteTeam "SV Medizin Erfurt"]
[BlackTeam "TSG Apolda"]

1. d4 Nf6 2. c4 c6 3. Nf3 d5 4. Qb3 Qb6 5. c5 Qxb3 6. axb3 Bf5 7. Nc3 Na6 8.
Bf4 Nh5 9. Bd2 Nc7 10. e3 a6 11. h3 Nf6 12. b4 O-O-O 13. Ne5 Bg6 14. f4 Nd7 15.
Nxg6 hxg6 16. Bd3 e6 17. O-O-O Be7 18. g3 b5 19. h4 Kb7 20. Kc2 Rh6 21. Kb3
Rdh8 22. e4 dxe4 23. Nxe4 f5 24. Nf2 Nf6 25. Be2 Rd8 26. Bc3 Nfd5 27. Bf3 Bf6
28. Nd3 Rhh8 29. Ne5 Bxe5 30. dxe5 Nxc3 31. bxc3 Nd5 32. Rd4 Ra8 33. Ra1 Ra7
34. Ra5 Rd8 35. Rd1 Raa8 36. Ra2 Ne3 37. Rd6 Rxd6 38. cxd6 Nd5 39. c4 bxc4+ 40.
Kxc4 Kb6 41. Ra5 Rc8 42. h5 gxh5 43. Bxh5 g6 44. Bxg6 Rg8 45. Bf7 Rxg3 46. Bxe6
Nxf4 47. Bc8 Ka7 48. Rxa6+ Kb8 49. Bxf5 Kb7 50. Ra5 Nd5 51. d7 Nb6+ 52. Kc5
Rc3+ 53. Kd6 Nc4+ 54. Ke7 Rd3 55. Bxd3 1-0

[Event "Offene Thüringer Seniorenmeisterschaft"]
[Site "Apolda"]
[Date "2024.02.17"]
[Round "2.21"]
[White "Mitschka, Manfred"]
[Black "Schmidt, Matthias"]
[Result "1-0"]
[WhiteElo "1740"]
[BlackElo "1888"]
[PlyCount "73"]
[EventDate "2024.??.??"]
[WhiteTeam "SK Neuburg"]
[BlackTeam "SC Wolfratshausen 1948 e.V."]

1. d4 Nf6 2. c4 e6 3. Nf3 d5 4. e3 b6 5. g3 Bb7 6. Bg2 Be7 7. O-O O-O 8. b3
Nbd7 9. Nbd2 Rc8 10. Bb2 c5 11. Ne5 Qc7 12. Rc1 dxc4 13. Bxb7 Qxb7 14. Nxd7
Qxd7 15. Nxc4 b5 16. Ne5 Qb7 17. dxc5 Bxc5 18. Ng4 Nxg4 19. Qxg4 f5 20. Qf4 Qc7
21. Be5 Qe7 22. Bb2 Bd6 23. Qd4 Bc5 24. Qe5 a6 25. Rfd1 Bb4 26. a3 Rxc1 27.
Rxc1 Bd6 28. Qd4 Re8 29. b4 Bb8 30. Rc6 Qb7 31. Rb6 Qc7 32. Rc6 Qb7 33. Rb6 Qc7
34. Rxa6 Rd8 35. Qb6 Rd6 36. Qxb5 Rxa6 37. Qe8# 1-0

[Event "Offene Thüringer Seniorenmeisterschaft"]
[Site "Apolda"]
[Date "2024.02.17"]
[Round "2.22"]
[White "Lein, Andreas"]
[Black "Schulz, Uwe"]
[Result "1-0"]
[WhiteElo "1709"]
[BlackElo "1867"]
[PlyCount "49"]
[EventDate "2024.??.??"]
[WhiteTeam "Erfurter SK"]
[BlackTeam "SV Schott Jena"]

1. d4 Nf6 2. c4 g6 3. Nf3 Bg7 4. g3 O-O 5. Bg2 d6 6. Nc3 c6 7. O-O Qa5 8. Qc2
Be6 9. b3 d5 10. c5 Bf5 11. Qd2 Nbd7 12. Nxd5 Qxd2 13. Nxf6+ Nxf6 14. Bxd2 Ne4
15. e3 Rad8 16. Ba5 Rd7 17. Nh4 Ng5 18. Nxf5 gxf5 19. Rad1 e6 20. a4 Bf6 21. b4
Rb8 22. b5 cxb5 23. axb5 Ne4 24. f3 Ng5 25. h4 1-0

[Event "Offene Thüringer Seniorenmeisterschaft"]
[Site "Apolda"]
[Date "2024.02.17"]
[Round "2.23"]
[White "Schmieder, Siegfried"]
[Black "Klein, Gernot"]
[Result "1/2-1/2"]
[WhiteElo "1857"]
[BlackElo "1680"]
[PlyCount "91"]
[EventDate "2024.??.??"]
[WhiteTeam "SG Schwäbisch Gmünd 1872 e.V"]
[BlackTeam "Post-Telekom SV 1925 Aachen e.V."]

1. e4 c5 2. Nc3 e6 3. f4 d5 4. e5 Nc6 5. Nf3 a6 6. d4 cxd4 7. Nxd4 Nge7 8. Nce2
Nxd4 9. Nxd4 Nc6 10. c3 Qb6 11. b3 Nxd4 12. Qxd4 Bc5 13. Qd2 d4 14. Bb2 dxc3
15. Bxc3 Be3 16. Qd3 Bxf4 17. Qe4 Qe3+ 18. Qxe3 Bxe3 19. Bd3 Bd7 20. Ke2 Bg5
21. Be4 Rc8 22. Bb4 Bc6 23. Bd2 Bxd2 24. Bxc6+ Rxc6 25. Kxd2 O-O 26. Rac1 Rfc8
27. Rxc6 Rxc6 28. Re1 Kf8 29. Kd3 Ke7 30. Re2 Rc1 31. Kd4 f6 32. Kd3 Rc5 33.
exf6+ gxf6 34. Re4 Kd6 35. Rh4 Rc7 36. Rh6 Rf7 37. Rh5 e5 38. g3 f5 39. Rh6+
Kd5 40. Ke3 a5 41. a3 Rc7 42. Kd3 e4+ 43. Kd2 Kd4 44. Rd6+ Ke5 45. Rb6 Rd7+ 46.
Ke2 1/2-1/2

[Event "Offene Thüringer Seniorenmeisterschaft"]
[Site "Apolda"]
[Date "2024.02.17"]
[Round "2.24"]
[White "Auerswald, Klaus"]
[Black "Schreyer, Klaus"]
[Result "1-0"]
[WhiteElo "1669"]
[BlackElo "1842"]
[PlyCount "87"]
[EventDate "2024.??.??"]
[WhiteTeam "SV Jenapharm Jena"]
[BlackTeam "SV 1910 Kahla"]

1. e4 e5 2. Nf3 Nf6 3. Nxe5 Nxe4 4. Qe2 Qe7 5. Qxe4 d6 6. d4 dxe5 7. Qxe5 Nc6
8. Qxe7+ Bxe7 9. Bb5 Bd7 10. Be3 a6 11. Bxc6 Bxc6 12. O-O O-O 13. Nd2 b5 14. a3
Rad8 15. c3 f5 16. f4 Bf6 17. Rae1 Rde8 18. Nf3 Be4 19. Ne5 Re7 20. Bd2 Rc8 21.
g4 g6 22. g5 Bxe5 23. fxe5 c5 24. Be3 c4 25. Bf4 Bd5 26. Rf2 Re6 27. h4 Rc7 28.
Kh2 Be4 29. Kg3 Kf7 30. Rh2 Kg7 31. Rxe4 fxe4 32. d5 Re8 33. e6 Rc5 34. Rd2
Rcc8 35. Be5+ Kg8 36. Kf4 Rcd8 37. Rd4 h6 38. Kxe4 Rc8 39. Bf6 hxg5 40. hxg5
Rc7 41. Ke5 Rf7 42. d6 Ra7 43. Rh4 Rh7 44. Rxh7 1-0

[Event "Offene Thüringer Seniorenmeisterschaft"]
[Site "Apolda"]
[Date "2024.02.17"]
[Round "2.25"]
[White "Streit, Jürgen"]
[Black "Stetefeldt, Mario"]
[Result "1-0"]
[WhiteElo "1827"]
[BlackElo "1550"]
[PlyCount "45"]
[EventDate "2024.??.??"]
[WhiteTeam "Schachzirkel Elstertal Langenb."]
[BlackTeam "SC 1998 Gotha"]

1. e4 c5 2. Nf3 e6 3. Qe2 Be7 4. b3 Nf6 5. Bb2 O-O 6. g3 Nc6 7. e5 Ne8 8. Bg2
d5 9. O-O Rb8 10. d4 b5 11. dxc5 Bxc5 12. Nbd2 Qb6 13. c3 a5 14. Nd4 Ba6 15.
Nxc6 Qxc6 16. Rfc1 Qb6 17. Rab1 Nc7 18. Nf3 b4 19. Qc2 Nb5 20. c4 dxc4 21. bxc4
Nd4 22. Bxd4 Bxd4 23. c5 1-0